000 00239nam a2200097Ia 4500
001 794971
005 20250826170718.0
008 250824s9999 xx 000 0 und d
245 0 _aVAZGEÇTİM
_cKAHRAMAN TAZEOĞLU
260 _bDESTEK YAYINLARI
999 _c794971
_d794971